Ảnh hưởng của nồng độ và thời gian xử lý colchicine trên phôi và chồi mầm của giống quýt Hồng (Citrus reticulata Blanco) : Luận văn tốt nghiệp cao học ngành: Khoa học cây trồng

Nội dung luận văn xác định nồng độ colchicine và thời gian xử lý tạo đột biến tứ bội hiệu quả cao trên phôi mầm hạt và chồi non giống quýt Hồng.

Đã lưu trong:
書目詳細資料
主要作者: Nguyễn, Thị Nga
格式: 圖書
語言:Undetermined
出版: Cần Thơ Trường Đại học Cần Thơ 2018
主題:
標簽: 添加標簽
沒有標簽, 成為第一個標記此記錄!
Thư viện lưu trữ: Trung tâm Học liệu Trường Đại học Cần Thơ
LEADER 01168nam a2200229Ia 4500
001 CTU_228363
008 210402s9999 xx 000 0 und d
082 |a 634.304 
082 |b Ng100 
088 |a 8620110 
100 |a Nguyễn, Thị Nga 
245 0 |a Ảnh hưởng của nồng độ và thời gian xử lý colchicine trên phôi và chồi mầm của giống quýt Hồng (Citrus reticulata Blanco) : 
245 0 |b Luận văn tốt nghiệp cao học ngành: Khoa học cây trồng 
245 0 |c Nguyễn Thị Nga ; Nguyễn Bảo Vệ, Trần Thị Oanh Yến (cán bộ hướng dẫn) 
260 |a Cần Thơ 
260 |b Trường Đại học Cần Thơ 
260 |c 2018 
520 |a Nội dung luận văn xác định nồng độ colchicine và thời gian xử lý tạo đột biến tứ bội hiệu quả cao trên phôi mầm hạt và chồi non giống quýt Hồng. 
650 |a Cây có múi,Citrus 
650 |x Chăm sóc,Breeding 
910 |b dqhieu 
980 |a Trung tâm Học liệu Trường Đại học Cần Thơ